00778nam a2200169 a 45000010005000000030009000050080041000140400028000550820017000832450093001002600042001933000015002355050310002506500023005606500012005836500013005952452CO-ViMGA141112s2004 ck r 000 u spa d aCO-ViMGAbspacCO-ViMGA04a666.94 P156t10aPanorama actual de las tecnicas del cemento y del hormigon / cArredon Francisco y otros aMadrid : bTecnicos asociados, c1974 a246 p : il aCementos : Problemática actual, cementos especiales 23 - - Aceros para pretensar, su problemática actual 117 - - proyecto, dosificación y ensayos para la estabilización de suelos con cemento 193 - - El hormigón en las obras hidráulicas 209 - - Las estructuras sísimicas y el hormigón 219 14aArredon, Francisco14aCEMENTO14aHORMIGON